MARC детайли
| 000 -Лидер |
| Контролно поле с фиксирана дължина |
02071nam a2200445 c 4500 |
| 003 - Код на организацията, давaща контролен номер |
| Контролно поле |
BLK |
| 005 - Дата и час на последна редакция |
| Контролно поле |
20220802092950.0 |
| 008 - Елементи от данни с фиксирана дължина |
| fixed length control field |
180409b bul|||||r ||||||| ||bul|| |
| 010 ## - Наследен системен номер |
| LC control number |
KNG00120296000 |
| 020 ## - Международен стандартен номер на книга ISBN |
| Международен стандартен номер на книга ISBN |
978-954-09-0431-3 |
| -- |
издат.: Захарий Стоянов - (Захарий Стоянов) |
| 020 ## - Международен стандартен номер на книга ISBN |
| Международен стандартен номер на книга ISBN |
978-954-07-2954-1 |
| -- |
издат.: Унив. изд. Св. Климент Охридски - (Унив. изд. Св. Климент Охридски) |
| 040 ## - Източник на каталожния запис |
| Идентификатор на билиотеката - собственик на записа |
BLK |
| 041 ## - Код за език |
| Код за езика на текст/звукозапис или на отделно заглавие |
Български |
| Код за езика КДБФ |
Български |
| 072 #7 - Код за тематичната категория |
| Код организация |
bullib |
| Код за тематична категория |
Н32 |
| Текст |
Политика Н |
| 080 ## - УДК |
| Текстов определител УДК |
Вътрешна политика. Вж и 329 |
| УДК код - определител по УДК |
323 |
| УДК определител |
(497.2)(092)(093.3) |
| УДК - код + определител |
323(497.2)(092)(093.3) |
| 080 ## - УДК |
| Текстов определител УДК |
Комунистически партии. Вж и 327.323 |
| УДК код - определител по УДК |
329.15 |
| УДК определител |
(497.2)БКП(092)(093.3) |
| УДК - код + определител |
329.15(497.2)БКП(092)(093.3) |
| 080 ## - УДК |
| Текстов определител УДК |
Български художник-живописец (1960- |
| УДК код - определител по УДК |
929 Йорданов, Георги |
| УДК определител |
|
| УДК - код + определител |
929 Йорданов, Георги |
| 139 ## - Редно поле |
| Редна дума |
Живот на длан |
| Авторски знак |
Иорд - И 83 |
| 245 10 - Сведения за заглавието |
| Заглавие |
Живот на длан |
| Подзаглавни данни |
Думи за Георги Йорданов : Сб. |
| 257 ## - Страна на издаване |
| Страна на създаване/издаване |
България |
| 260 ## - Област на издателските данни |
| -- |
София |
| Име на издателя, разпространителя и проч. |
Захарий Стоянов |
| -- |
Унив. изд. Св. Климент Охридски |
| Година на издаване |
2009 |
| 300 ## - Физическа характеристика |
| Страници |
520 с., 36 л. |
| Илюстрации и др. |
фотогр. |
| Размери/Мащаб |
24 см |
| 380 ## - Жанр |
| Жанр |
Обществени науки |
| 500 ## - Общи забележки |
| Забележка |
Пълното име на Г. Йорданов е Георги Йорданов Момчев. |
| 600 14 - Име на лице, използвано като предмет |
| За него / За нея |
Йорданов, Георги |
| 9 (RLIN) |
369522 |
| 650 #4 - Допълнително описание по предмет – тема |
| Основно описание – тема или топоним |
Йорданов, Георги |
| 9 (RLIN) |
369522 |
| 650 #4 - Допълнително описание по предмет – тема |
| Основно описание – тема или топоним |
Политици, български - спомени |
| 9 (RLIN) |
247072 |
| 650 #4 - Допълнително описание по предмет – тема |
| Основно описание – тема или топоним |
БКП - дейци - спомени |
| 9 (RLIN) |
241772 |
| 651 #4 - Допълнително описание по предмет - топоним |
| Географско понятие |
България |
| 9 (RLIN) |
241624 |
| 653 ## - Ключова дума – ненормативна |
| Ключова дума |
политици |
| 653 ## - Ключова дума – ненормативна |
| Ключова дума |
български политици |
| 653 ## - Ключова дума – ненормативна |
| Ключова дума |
БКП |
| 653 ## - Ключова дума – ненормативна |
| Ключова дума |
Георги Йорданов |
| 659 ## - Тематичен бюлетин |
| Тематичен бюлетин |
Н |
| 852 ## - Местоположение |
| Форматна сигнатура |
Цб 250155 |
| 856 4# - Електронен адрес и достъп |
| Електронен формат |
pdf - файл |
| Път до файла /url/ |
|
| 856 4# - Електронен адрес и достъп |
| Електронен формат |
pdf - файл |
| Път до файла /url/ |
|
| 942 ## - АРТИКУЛИ |
| Вид на библиотечния материал |
Книги |
| Скрит в OPAC |
Не |
| Koha issues (borrowed), all copies |
3 |
| 944 ## - СЪЗДАВАНЕ И РЕДАКЦИЯ на ЗАПИСА |
| Създаване/Редакция |
Създаване |
| Дата на регистрацията/редакция |
02.12.2010 |
| Статус, дата на статуса |
ф / |
| Служител, извършил регистрацията/редакцията |
Геновева_Генчева |
| 944 ## - СЪЗДАВАНЕ И РЕДАКЦИЯ на ЗАПИСА |
| Създаване/Редакция |
Редакция |
| Дата на регистрацията/редакция |
02.11.2016 |
| Статус, дата на статуса |
ф / |
| Служител, извършил регистрацията/редакцията |
Людмила_Стоянова |
| 999 ## - СИСТЕМНИ КОНТРОЛНИ НОМЕРА |
| Koha biblionumber |
114855 |
| Koha biblioitemnumber |
114855 |